LDR 01029naa#a2200205#i#450# 001 RU\\bibl\121277 005 20260501214100.5 011 ## _a1994-4683 100 ## _a20230803b2023####ek#y0rusy0150####ca 102 ## _aRU 200 1# _aУПРАВЛЕНИЕ ТРЕНИРОВОЧНЫМ ПРОЦЕССОМ В СТУДЕНЧЕСКОЙ ХОККЕЙНОЙ КОМАНДЕ НА ОСНОВЕ ИЗУЧЕНИЯ БИОЭНЕРГЕТИЧЕСКОГО ПРОФИЛЯ ИГРОКОВ _eЖурнальная статья 210 1# _aМосква _cНациональный государственный Университет физической культуры, спорта и здоровья им. П.Ф. Лесгафта _d2023 215 ## _a7 с. 608 ## _aЖурнальная статья _2local 675 ## _aХоккей на льду с шайбой. 796.966 _z 700 #1 _aЖаворонков _gС С 700 #1 _aБыков _gЕ В 700 #1 _aБалберова _gО В 700 #1 _aГневашев _gЕ А 856 4# _auchzapiski.lesgaft.spb.ru _u